A Victim of Gravity Quiz Stats

 Plays Quiz not verified by Sporcle

Score 0/58 Timer 10:00
0 Plays Today
Phrase Missing Word % Correct
Why does everything fall ____down
95.6%
Down, de-down, down, ____down
95.6%
Down, down, down, ____, gravity, yeah. down
95.6%
Down, de-down, ____, down. down
95.6%
Nothin' pullin' us down, ____, down, down, down, yeah.down
95.6%
Sho-be doo, down, down, ____down
95.6%
Down, down, down, down _______gravity
90.3%
He said, 'That must be _______!.'gravity
90.3%
I'm a victim of down, down, down, down _______gravity
90.3%
Instead of __?up
89.4%
Everything keeps fallin' down on __.me
88.5%
When things fall down on __,me
88.5%
I'm a ______ of gravity.victim
87.6%
Helpin' wash the ______dishes
82.3%
Wish I could fall up _______ of always falling down.instead
82.3%
The Moon goes 'round the _____Earth
82.3%
Ridin' up a ____ I spillhill
81.4%
Isaac Newton underneath the _____ tree,apple
81.4%
The Earth goes '_____ the Sun'round
80.5%
No ______ where I gomatter
79.6%
He did experiments with a force he couldn't ___.see
79.6%
Newton's ___ of Gravity says that every object in the Universe pulls on every other objectLaw
79.6%
And I ____ a cup.drop
78.8%
(Apple ____, yeah)tree
78.8%
One hit him on the ____,head
78.8%
That _____ is there I know,force
77.9%
And hit the ______ground
77%
He found that all things fall to earth at the very same _____.speed
77%
I can ____ it pulling down. feel
75.2%
Phrase Missing Word % Correct
We'd be in _____ space.outer
75.2%
(Very ____ speed, yeah.)same
74.3%
I'm following the ____;rule
74.3%
To keep us in our _____,place
72.6%
I'm a victim __of
71.7%
The rule that says that what goes up, _____ down, like me,comes
71.7%
The bigger the object, the ________ the pull.stronger
69.9%
It's like a ______ deep inside the ground.magnet
69%
He didn't know it yet, but that was ___ to gravity.due
69%
But please don't tell Mary ____Jean
68.1%
But the greater the distance between the objects, the ______ the pull becomes. weaker
68.1%
Don't call me a ____.fool
68.1%
Galileo, Galileo, _______ -Galilei
67.3%
It isn't ____ that makes the world go round, you see,love
66.4%
(Could not see, ____.)yeah
66.4%
Come ____, Mary Jean!back
65.5%
Just a ______' me down, down, down, down, down.pullin'
64.6%
When I lift _________ up,something
63.7%
It pulls ____ down on me.rain
63.7%
The ___ would float away,sea
63.7%
Don't call me ______,clumsy
60.2%
It pulls me in the ____,pool
59.3%
It's all around ____ now,town
58.4%
And shines its ______ light.silver
55.8%
And makes the _______ right.seasons
55.8%
And so would fields and _____,towns
55.8%
We'd have no ______ at all,weight
54.9%
_______ Earth's gravityWithout
50.4%
It's the _____ of gravity,power
43.4%

You're not logged in!

Compare scores with friends on all Sporcle quizzes.
OR
Log In

Show Comments

Extras

Top Quizzes Today


Score Distribution

Your Account Isn't Verified!

In order to create a playlist on Sporcle, you need to verify the email address you used during registration. Go to your Sporcle Settings to finish the process.

Report this User

Report this user for behavior that violates our Community Guidelines.

Details: